Recent Evolutionary Theorizing About Economic Change

Na minha lista:
Detalhes bibliográficos
Autor principal: Nelson, Richard R.
Formato: Livro
Idioma:inglês
Publicado em: Laxenburg International Institute for Applied Systems Analysis 1996
Edição:1. ed.
Colecção:RR-96-5
Assuntos:
Tags: Adicionar Tag
Sem tags, seja o primeiro a adicionar uma tag!

MARC

LEADER 00000nam a2200000 4500
001 c019191
005 20221214071700.0
041 0 |a eng 
044 |a AT 
245 1 0 |a Recent Evolutionary Theorizing About Economic Change  |c Richard R. Nelson 
250 |a 1. ed. 
264 1 |a Laxenburg  |b International Institute for Applied Systems Analysis  |c 1996 
300 |a S. 48-90 
490 1 |a RR-96-5 
830 0 |a RR-96-5 
500 |a Reprinted from the Journal of Economic Literature, Vol. 33 (March 1995), pp.48-90 
610 2 0 |a teórie ekonomické 
610 2 0 |a vývoj hospodársky 
610 2 0 |a zmeny technologické 
100 1 |a Nelson, Richard R.